25 plus grandes villes du Québec - Statistiques

Statistiques générales
  • Ce quiz a été pris 317 fois
  • Le résultat moyen est 15 sur 25
Statistiques - réponses
# Nombre d'habitants Ville % Correct
1 1,649,519 Montréal
100%
2 516,622 Québec
98%
3 401,553 Laval
94%
9 131,338 Trois-Rivières
83%
4 265,349 Gatineau
81%
6 154,601 Sherbrooke
79%
5 231,409 Longueuil
78%
7 144,746 Saguenay
73%
8 138,769 Lévis
72%
14 71,852 Drummondville
65%
21 46,860 Rimouski
64%
10 106,322 Terrebonne
59%
15 68,456 Saint-Jérôme
58%
13 79,273 Brossard
54%
11 92,394 Saint-Jean-sur-Richelieu
54%
24 43,462 Victoriaville
53%
12 82,000 Repentigny
52%
16 63,433 Granby
49%
19 50,060 Shawinigan
45%
17 53,510 Blainville
44%
25 42,491 Mascouche
36%
18 52,236 Saint-Hyacinthe
35%
23 44,154 Saint-Eustache
29%
22 45,904 Châteauguay
26%
20 49,637 Dollard-des-Ormeaux
12%
Aucun quiz correspondant
Distribution des résultats
% des personnes avec chaque résultat
Percentile par nombre de réponses
Votre historique - résultats
Vous n’avez pas pris ce quiz